000 00357nam a22001457a 4500
003 OSt
008 200220b ||||| |||| 00| 0 eng d
020 _a9789385965555
082 _a332.6019
_bCHB
100 _aCHANDRA, Prasanna
245 _aBehavioural Finance
250 _aReprint 2018
260 _aNew Delhi
_bMcGraw Hill Education India
942 0 0 _2ddc
999 _c8506
_d8506